| 000 | 00865nam a2200241 i 4500 | ||
|---|---|---|---|
| 001 | 77959 | ||
| 003 | ES-MaACL | ||
| 005 | 20230906173457.0 | ||
| 007 | t| | ||
| 008 | 041116s2003 sp ||||1| spa d | ||
| 020 | _a84-8472-110-8 | ||
| 080 | _a929 Reyes, Alfonso | ||
| 080 | _a929 Cernuda, Luis | ||
| 100 | 1 |
_aReyes, Alfonso, _d1889-1959 _996554 |
|
| 245 | 1 | 0 |
_aPáginas sobre una poesía _b: correspondencia Alfonso Reyes y Luis Cernuda : [1932-1959] / _ccompilación, introducción y notas de Alberto Enríquez Perea. |
| 260 |
_aSevilla : _bRenacimiento, _c2003. |
||
| 300 |
_a206 p. ; _c24 cm. |
||
| 600 | 1 | 4 |
_aReyes, Alfonso, _d1889-1959- _vCorrespondencia _996556 |
| 600 | 1 | 4 |
_aCernuda, Luis, _d1902-1963- _xCorrespondencia _937532 |
| 700 | 1 |
_aEnríquez Perea, Alberto. _947291 |
|
| 852 |
_aES-MaACL _jL-28455 _bR.134300 |
||
| 999 |
_c77959 _d77959 |
||